[Event "Piestany Slovakia op-B"]
[White "Huttova, Karolina"]
[Black "Mullan, Alexander"]
[Site "Piestany"]
[Round "7"]
[Result "0-1"]
[Date "2023.07.17"]
[WhiteElo "1171"]
[BlackElo "1000"]
[PlyCount "48"]
[EventDate "2023.07.11"]
[EventType "swiss"]
[EventRounds "9"]
[EventCountry "SVK"]
[SourceTitle "EXT 2024"]
[Source "ChessBase"]
[SourceDate "2023.10.10"]
[SourceVersion "1"]
[SourceVersionDate "2023.10.10"]
[SourceQuality "1"]

1. e4 e6 2. Nf3 d5 3. exd5 exd5 4. h3 Bd6 5. Be2 Nf6 6. Nc3 0-0 7. d4 c5 8. Bg5 h6 9. Bh4 Be7 10. 0-0 cxd4 11. Nxd4 Nc6 12. Rb1 Qb6 13. Nxc6 bxc6 14. Na4 Qb4 15. b3 Qxh4 16. Re1 Bd6 17. Bf1 Ne4 18. f3 Qf2+ 19. Kh1 Ng3+ 20. Kh2 Nxf1+ 21. Kh1 Bxh3 22. Re2 Ng3+ 23. Kh2 Nxe2+ 24. Kh1 Qxg2# 0-1

[Event "Piestany Slovakia op-B"]
[White "Mullan, Alexander"]
[Black "Novak, Eduard"]
[Site "Piestany"]
[Round "6"]
[Result "0-1"]
[Date "2023.07.16"]
[WhiteElo "1000"]
[BlackElo "1046"]
[PlyCount "66"]
[EventDate "2023.07.11"]
[EventType "swiss"]
[EventRounds "9"]
[EventCountry "SVK"]
[SourceTitle "EXT 2024"]
[Source "ChessBase"]
[SourceDate "2023.10.10"]
[SourceVersion "1"]
[SourceVersionDate "2023.10.10"]
[SourceQuality "1"]

1. e4 c5 2. c3 Nc6 3. d4 cxd4 4. cxd4 d5 5. exd5 Qxd5 6. Nf3 Bg4 7. Nc3 Qd8 8. d5 Ne5 9. Bb5+ Nd7 10. h3 Bxf3 11. Qxf3 Ngf6 12. 0-0 a6 13. Ba4 g6 14. Re1 Bg7 15. d6 e6 16. Bg5 b5 17. Bb3 0-0 18. Ne4 Re8 19. Rac1 h6 20. Bh4 Ne5 21. Nxf6+ Bxf6 22. Qxf6 Qxf6 23. Bxf6 Nd3 24. d7 Nxe1 25. dxe8Q+ Rxe8 26. Rxe1 Rc8 27. Rxe6 Rc1+ 28. Kh2 fxe6 29. Bxe6+ Kf8 30. b4 Rc6 31. Bb3 Rxf6 32. f4 Rxf4 33. a4 Rxb4 0-1

[Event "Piestany Slovakia op-B"]
[White "Sosovickova, Martina"]
[Black "Mullan, Alexander"]
[Site "Piestany"]
[Round "3"]
[Result "1-0"]
[Date "2023.07.13"]
[WhiteElo "1730"]
[BlackElo "1000"]
[PlyCount "47"]
[EventDate "2023.07.11"]
[EventType "swiss"]
[EventRounds "9"]
[EventCountry "SVK"]
[SourceTitle "EXT 2024"]
[Source "ChessBase"]
[SourceDate "2023.10.10"]
[SourceVersion "1"]
[SourceVersionDate "2023.10.10"]
[SourceQuality "1"]

1. e4 e6 2. d4 d5 3. Nc3 c5 4. exd5 exd5 5. Bb5+ Bd7 6. Qe2+ Be7 7. Nxd5 cxd4 8. Bf4 Qa5+ 9. b4 Qa3 10. Bc1 Bxb5 11. Qxb5+ Nc6 12. Bxa3 Rc8 13. Qxb7 Rd8 14. Qxc6+ Kf8 15. Nxe7 Nxe7 16. b5 f6 17. 0-0-0 Kf7 18. Bxe7 Kxe7 19. Re1+ Kf7 20. Ne2 Rhe8 21. Nf4 g5 22. Qc7+ Kg8 23. Nh5 d3 24. Qg7# 1-0